| Tag |
First Indicator |
Second Indicator |
Subfields |
| LEADER |
00000cam a22000001a 4500 |
| 001 |
in00003171663 |
| 006 |
m d f |
| 007 |
cr bn mmmapmmp |
| 008 |
090617s1946 dcu o f000 0 eng d |
| 005 |
20260511193530.2 |
| 035 |
|
|
|a cis2007417582
|
| 040 |
|
|
|a UMI
|c UMI
|d UtOrBLW
|
| 043 |
|
|
|a n-us---
|
| 086 |
0 |
|
|a Y 4.C 49/1:R 31/19
|
| 099 |
|
|
|a HRG-1946-CSH-0002
|
| 110 |
1 |
|
|a United States.
|b Congress.
|b House.
|b Committee on the Civil Service.
|b Subcommittee on Retirement.
|
| 245 |
1 |
0 |
|a Retirement After Twenty-Five Years of Service :
|b hearings before the United States House Committee on the Civil Service, Subcommittee on Retirement, Seventy-Ninth Congress, second session, on May 23, June 11, 13, 1946.
|
| 264 |
|
1 |
|a Washington :
|b U.S. G.P.O.,
|c 1946.
|
| 300 |
|
|
|a 1 online resource.
|
| 336 |
|
|
|a text
|b txt
|2 rdacontent
|
| 337 |
|
|
|a computer
|b c
|2 rdamedia
|
| 338 |
|
|
|a online resource
|b cr
|2 rdacarrier
|
| 500 |
|
|
|a Record is based on bibliographic data in ProQuest Congressional Hearings Digital Collection. Reuse except for individual research requires license from ProQuest, LLC.
|
| 520 |
|
|
|a Considers (79) H.R. 74, (79) H.R. 310, (79) H.R. 334, (79) H.R. 1445, (79) H.R. 1969, (79) H.R. 4133, (79) H.R. 4223, (79) H.R. 4718, (79) H.R. 4815, (79) H.R. 5045, (79) H.R. 4718.
|
| 538 |
|
|
|a System requirements: PDF reader software.
|
| 500 |
|
|
|a Electronic resource.
|
| 650 |
|
0 |
|a Civil service
|z United States
|x Pensions.
|
| 651 |
|
0 |
|a United States
|x Officials and employees
|x Pensions.
|
| 655 |
|
7 |
|a Electronic books.
|2 local
|
| 710 |
2 |
|
|a ProQuest (Firm)
|
| 776 |
0 |
8 |
|i Print version:
|a United States. Congress. House. Committee on the Civil Service. Subcommittee on Retirement.
|t Retirement After Twenty-Five Years of Service
|
| 776 |
0 |
8 |
|i Microfiche version:
|a United States. Congress. House. Committee on the Civil Service. Subcommittee on Retirement.
|t Retirement After Twenty-Five Years of Service.
|d [Bethesda, Md.] : ProQuest,[2004]
|o CIS Hrgs MF Gp 3--(79) H1107-7
|w (ProQuest)cis10500320
|
| 830 |
|
0 |
|a U.S. Congressional Hearings.
|
| 856 |
4 |
0 |
|u http://proxy.library.tamu.edu/login?url=https://congressional.proquest.com/congcomp/getdoc?HEARING-ID=HRG-1946-CSH-0002
|z Connect to the full text of this electronic book
|t 0
|
| 998 |
|
|
|a cis10500320
|
| 999 |
|
|
|a MARS
|
| 999 |
f |
f |
|s d0565c75-d4d2-3de5-874f-03e388f8d8ee
|i 78e6b523-afaf-3974-a832-08b56abf2c95
|t 0
|
| 952 |
f |
f |
|a Texas A&M University
|b College Station
|c Electronic Resources
|s www_evans
|d Available Online
|t 0
|e HRG-1946-CSH-0002
|h Other scheme
|
| 998 |
f |
f |
|a HRG-1946-CSH-0002
|t 0
|l Available Online
|